UBT Library

War and peace (Record no. 39954)

000 -LEADER
fixed length control field 01179cjm a22003971a 4500
001 - CONTROL NUMBER
control field 12065830
005 - DATE AND TIME OF LATEST TRANSACTION
control field 20180109082746.0
007 - PHYSICAL DESCRIPTION FIXED FIELD--GENERAL INFORMATION
fixed length control field sdufungnn---ed
008 - FIXED-LENGTH DATA ELEMENTS--GENERAL INFORMATION
fixed length control field 931029p19931991ne opn dhi rus
010 ## - LIBRARY OF CONGRESS CONTROL NUMBER
LC control number 99586421
024 1# - OTHER STANDARD IDENTIFIER
Standard number or code 028943409728
028 03 - PUBLISHER NUMBER
Publisher number 434 097-2
Source Philips
028 00 - PUBLISHER NUMBER
Publisher number 434 098-2
Source Philips
028 00 - PUBLISHER NUMBER
Publisher number 434 099-2
Source Philips
028 00 - PUBLISHER NUMBER
Publisher number 434 100-2
Source Philips
033 00 - DATE/TIME AND PLACE OF AN EVENT
Formatted date/time 199107--
Geographic classification area code 7004
Geographic classification subarea code L4
035 ## - SYSTEM CONTROL NUMBER
System control number (OCoLC)ocm29214543
040 ## - CATALOGING SOURCE
Original cataloging agency DLC
Transcribing agency MNS
Modifying agency CSv
-- DLC
041 0# - LANGUAGE CODE
Language code of sung or spoken text rus
Language code of librettos eng
-- fre
-- ger
-- rus
Language code of text/sound track or separate title eng
042 ## - AUTHENTICATION CODE
Authentication code lcderive
080 ## - UNIVERSAL DECIMAL CLASSIFICATION NUMBER
Universal Decimal Classification number 94 TOL
082 ## - DEWEY DECIMAL CLASSIFICATION NUMBER
Classification number 94 TOL
100 1# - Rafti
Rafti 16
101 ## - Shkurtesa
Shkurtesa HIS
240 10 - UNIFORM TITLE
Uniform title <a href="Voĭna i mir">Voĭna i mir</a>
245 10 - TITLE STATEMENT
Title War and peace
Statement of responsibility, etc Sergei Prokofiev.
306 ## - PLAYING TIME
Playing time 025056
511 0# - PARTICIPANT OR PERFORMER NOTE
Participant or performer note Soloists, chorus and orchestra of the Kirov Opera, St. Petersburg ; Valery Gergiev, conductor.
518 ## - DATE/TIME AND PLACE OF AN EVENT NOTE
Date/time and place of an event note Recorded July 1991, Marinsky Theatre, St. Petersburg.
740 0# - ADDED ENTRY--UNCONTROLLED RELATED/ANALYTICAL TITLE
Uncontrolled related/analytical title Krieg und Frieden.
740 0# - ADDED ENTRY--UNCONTROLLED RELATED/ANALYTICAL TITLE
Uncontrolled related/analytical title Guerre et paix.
740 0# - ADDED ENTRY--UNCONTROLLED RELATED/ANALYTICAL TITLE
Uncontrolled related/analytical title Guerra e pace.
906 ## - LOCAL DATA ELEMENT F, LDF (RLIN)
a 0
b cbc
c copycat
d 3
e ncip
f 19
g y-soundrec
942 ## - ADDED ENTRY ELEMENTS (KOHA)
Source of classification or shelving scheme
Item type Books
Holdings
Withdrawn status Lost status Source of classification or shelving scheme Damaged status Not for loan Collection code Permanent location Current location Shelving location Date acquired Total Checkouts Full call number Barcode Date last seen Price effective from Koha item type
          Koleksioni i përgjithshem UBT - Lipjan UBT - Lipjan Koleksioni i përgjithshem 01/09/2018   94 TOL 002-2995151 01/09/2018 01/09/2018 Books
UBT Library © 2015-2024. All rights reserved University Education for Business and Technology